| 000 | 01573naa a22003497a 4500 | ||
|---|---|---|---|
| 001 | BR8201346 | ||
| 003 | BR-BrBNA | ||
| 005 | 20250721143153.0 | ||
| 007 | ta | ||
| 008 | 250630b bl.|||m| |||| 00| 0 por d | ||
| 040 |
_aBR-BrBNA _bpor _cBiblioteca Nacional de Agricultura |
||
| 041 | _a(Pt) | ||
| 072 |
_aH10 _b1410 _b4050 _bG514 |
||
| 090 | _aH10 BR8201346 | ||
| 100 | 1 | _aSharma, R.D. | |
| 100 | 1 | _aGuazelli, R.J. | |
| 111 | 1 |
_a5. Reuniao Brasileira de Nematologia _cLondrina, PR (Brazil) _d9 Feb 1981 |
|
| 245 | 1 | _aAvaliacao de algumas linhagens do feijoeiro resistentes ao nematoide de galhas, Meloidogyne javanica [Feijao; Phaseolus vulgaris; Meloidoginose; Variedade resistente; Brasil] | |
| 246 | 1 | _a[Evaluation of some bean plant lines resistant to the root-knot nematode, Meloidogyne javanica [Bean; Phaseolus vulgaris; Meloidoginose; Resistant variety; Brazil]] | |
| 246 | 1 | _a[Works presented to the 5. Brazilian Meeting of Nematology] | |
| 500 | _aTrabalhos apresentados a 5. Reuniao Brasileira de Nematologia Piracicaba, SP (Brasil): 1982. p. 99-107 [15 ref.; Summaries (En, Pt)] (BR8201346-AMS) | ||
| 773 | 0 |
_tTrabalhos apresentados a 5. Reuniao Brasileira de Nematologia _wH10 BR8201346 _gPiracicaba, SP (Brasil), 1982. p. 99-107 |
|
| 650 | _aPraga de planta | ||
| 650 | _aFeijao | ||
| 650 | _aNematoide | ||
| 650 | _aMeloidoginose | ||
| 650 | _aVariedade resistente | ||
| 650 | _aLinhagem | ||
| 490 |
_aPublicacao - Sociedade Brasileira de Nematologia (Brazil) _vno. 5 |
||
| 942 |
_cAMS _2AGRIS |
||
| 909 |
_a202506 _bLúcia _c55 _dLúcia Elande |
||
| 999 |
_c334087 _d334087 |
||